000 01138cam a2200313 a 4500
999 _c1494
_d1494
001 .b29258455
003 OCoLC
005 20221230161051.0
008 080408s2009 nyuab b 001 0 eng d
010 _a2008014788
020 _a9780531213599 (pbk.)
035 _a(OCoLC)222664889
_z(OCoLC)437528041
040 _aDLC
_beng
_cDLC
_dIG#
_dBTCTA
_dON8
_dBIB
_dLF8
_dGO3
_dEHH
_dUPZ
_dFMG
_dXY4
_dTWE
_dBDX
_dJPL
_dOCLCA
_dNTNU
_dKH8
042 _anbic
043 _ae-ie---
082 0 _a941.5 KOP
100 1 _aKoponen, Libby.
_eauthor
245 1 0 _aIreland /
_cLibby Koponen.
260 _aNew York :
_bChildren's Press,
_c2009.
300 _a48 p. :
_bcol. ill., col. map ;
_c22 cm.
490 1 _aA True book.
504 _aIncludes bibliographical references (p. 44-45) and index.
505 0 _aAn island on the edge -- Green fields -- Warriors and scholars -- Treasures -- Still Irish.
520 _aA basic overview of Ireland, including information on its geography, history, government, religion, people and culture.
651 0 _aIreland
_vJuvenile literature.
651 1 _aIreland.
830 0 _aTrue book.
942 _2ddc
_cNFIC